00583nam a2200217Ia 4500008004100000020002200041050001800063050001700081100002000098245003600118245002000154250001600174260001700190260002800207260000900235300001600244300002000260300001200280500005100292650002200343160303s9999 xx 000 0 und d a978-0-470-63752-4 aMAIN TX 911.3 b.M27B37 2011 aBardi, James A. aHotel front office management / cJames A. Bardi. a5th Edition aNew Jersey : bJohn Wiley & Sons, Inc. c2011 a492 pages : billustrations ; c24 cm.  aIncludes bibliographical references and index. aHotel management.